000 00330nam a2200145Ia 4500
100 _aNorton/ Peter ;Jourdain R.
942 _cBK
654 _aC
245 _aThe hard disk comparsion C
260 _bPrentice Hall of India
_aNew Delhi
_c1989
082 _a621.3819533
_bNOR
300 _a394
546 _aENGLISH
999 _c28152
_d28152